<?xml version="1.0" encoding="UTF-8"?>
<marc:record xmlns:marc="http://www.loc.gov/MARC21/slim">
   <marc:leader>00000nam a2200000 a 4500</marc:leader>
   <marc:datafield ind1="1" ind2=" " tag="100">
      <marc:subfield code="a">Kirschner, Sabrina J.</marc:subfield>
      <marc:subfield code="4">aut</marc:subfield>
      <marc:subfield code="e">Verfasser/-in</marc:subfield>
   </marc:datafield>
   <marc:datafield ind1="1" ind2=" " tag="100">
      <marc:subfield code="a">Parciak, Monika</marc:subfield>
   </marc:datafield>
   <marc:datafield ind1=" " ind2=" " tag="653">
      <marc:subfield code="a">Kinderbücher bis 11 Jahre</marc:subfield>
   </marc:datafield>
   <marc:datafield ind1="0" ind2="0" tag="245">
      <marc:subfield code="a">Die unlangweiligste Schule der Welt 5: Duell der Schulen</marc:subfield>
   </marc:datafield>
   <marc:datafield ind1="0" ind2="0" tag="245">
      <marc:subfield code="c">Kirschner, Sabrina J.</marc:subfield>
   </marc:datafield>
   <marc:datafield ind1=" " ind2="1" tag="264">
      <marc:subfield code="a">Hamburg</marc:subfield>
      <marc:subfield code="b">Carlsen</marc:subfield>
      <marc:subfield code="c">2019</marc:subfield>
   </marc:datafield>
   <marc:datafield ind1="1" ind2=" " tag="490">
      <marc:subfield code="a">Die unlangweiligste Schule der Welt</marc:subfield>
      <marc:subfield code="v">5</marc:subfield>
   </marc:datafield>
   <marc:datafield ind1=" " ind2=" " tag="250">
      <marc:subfield code="a">1. Auflage</marc:subfield>
   </marc:datafield>
   <marc:datafield ind1="1" ind2=" " tag="520">
      <marc:subfield code="a">Angaben aus der Verlagsmeldung &#xD;
&#xD;
 &#xD;
&#xD;
  Die unlangweiligste Schule der Welt 5: Duell der Schulen / von Sabrina J. Kirschner &#xD;
&#xD;
 &#xD;
*** „Bitte leise atmen!“ heißt es für Maxe, Frieda und ihre Klasse in der langweiligsten Schule der Welt. Ein Fall für Inspektor Rasputin Rumpus von der Behörde für Langeweilebekämpfung! ***&#xD;
&#xD;
BAND 5: Das große Duell der Schulen steht an: Maxes Klasse muss gewinnen – sonst fallen die Ferien aus! Doch die anderen Kinder legen sie rein. Und plötzlich stecken Maxe und Frieda im Sumpf fest. Mitten in der Nacht! ***&#xD;
&#xD;
DIE UNLANGWEILIGSTE SCHULE DER WELT: Du dachtest immer, deine Schule wäre langweilig? Da kennst du die Schule von Maxe wohl noch nicht: Kinder im Schlafkoma, über 777 Schulregeln und achtmal täglich Mathe. Gegen so viel Langeweile kann nur noch einer helfen: Inspektor Rumpus von der geheimnisvollen BfLb … ***&#xD;
&#xD;
Leichter lesen lernen mit der Unlangweiligsten Schule der Welt: mit kurzen Kapiteln, vielen Bildern und jeder Menge Humor ***Witzig turbulente Reihe für Jungs und Mädchen ab 8 Jahren! ***Lustige Schulgeschichten + Agenten-Spannung = Lesespaß pur! ***Mit Anti-Langeweile-Garantie! ***</marc:subfield>
   </marc:datafield>
   <marc:datafield ind1=" " ind2=" " tag="020">
      <marc:subfield code="a">9783551653956</marc:subfield>
      <marc:subfield code="9">9783551653956</marc:subfield>
   </marc:datafield>
   <marc:datafield ind1=" " ind2=" " tag="020">
      <marc:subfield code="a">355165395X</marc:subfield>
      <marc:subfield code="9">355165395X</marc:subfield>
   </marc:datafield>
   <marc:datafield ind1=" " ind2=" " tag="041">
      <marc:subfield code="a">ger</marc:subfield>
   </marc:datafield>
   <marc:datafield ind1=" " ind2=" " tag="300">
      <marc:subfield code="b">mit s/w-Bildern</marc:subfield>
   </marc:datafield>
   <marc:datafield ind1="0" ind2=" " tag="490">
      <marc:subfield code="v">5</marc:subfield>
   </marc:datafield>
   <marc:datafield ind1=" " ind2=" " tag="338">
      <marc:subfield code="a">Band</marc:subfield>
   </marc:datafield>
   <marc:datafield ind1=" " ind2=" " tag="300">
      <marc:subfield code="a">224 Seiten</marc:subfield>
   </marc:datafield>
</marc:record>
